LEADER 01057nam a2200241 i 4500 001 000000130162 003 CaOOAMICUS 005 20041018000000.0 008 041018s1975 it u000 u ita u 013 $a102895 040 $aSeMil$bita 110 0 $aClub Alpino italiano.$0(OLS)http://semarc/name/7556 245 10$aOmaggio al Gran Sasso :$bi cento anni della sezione aquilana 1874-1974 /$cClub Alpino italiano sezione dell'Aquila. 260 $aL'Aquila :$bSezione C.A.I.,$c1975. 300 $a309 p. :$briccamente ill. ;$c29 cm. 500 $aIn allegato : [2] c. di tav. ripieg. - Fondo Card. C.M. Martini. 650 4$aGran Sasso d'Italia.$0(OLS)http://semarc/subject/25689 850 $aSeMil 852 $aSeMil$W1$xVenegono$y1$m4Y VII 54$j84221$B84221$CSeMilBibl$Z2$F87741 $81 941 1 $a4 961 $aOmaggio: Martini Card. Carlo Maria 996 $6245$aOmaggio al Gran Sasso :$bi cento anni della sezione aquilana 1874-1974$9(OLS)http://semarc/title/191815 996 $6260$aL'Aquila :$bSezione C.A.I.$9(OLS)http://semarc/publisher/46636 LEADER 00915nam a2200241 i 4500 001 000000049323 003 CaOOAMICUS 005 19960806000000.0 008 960806s1986 it u000 u ita u 013 $a20493 040 $aSeMil$bita 110 2 $aConferenza Episcopale Italiana.$0(OLS)http://semarc/name/95789 245 10$a1980-1985. 300 $aXXXVI, 1721, 96 p. + [1] pieghevole. 490 0 $aStrumenti 650 4$aConferenza Episcopale Italiana.$0(OLS)http://semarc/subject/657 650 4$aChiesa - Italia.$0(OLS)http://semarc/subject/5888 773 0 $tEnchiridion della Conferenza Episcopale Italiana.$dBologna : EDB, 1985.$g3$w()786 830 0$aStrumenti.$0(OLS)http://semarc/title/6054 850 $aSeMil 852 $aSeMil$W1$xVenegono$y1$mSL1.X IV 14$j15478$B15478$CSeMilBibl$Z2$F15478 $8I 961 $aAcquisto: Casa editrice 996 $6245$a1980-1985$9(OLS)http://semarc/title/74948